| 000 | 00450cam a2200133 4500 | ||
|---|---|---|---|
| 082 | 0 | 0 |
_a692.302 _bFOW _cL-14, P-43 |
| 100 | 1 |
_aFowler, william h. _945635 |
|
| 245 | 1 | 0 |
_aFowler's architects', building' and contractors' pocket book _cwilliam h. fowler. |
| 260 |
_aManchester, _bThe scientific publishing co. _cc1948. |
||
| 300 |
_axxviii, 1084 p. _billus. _c22 cm. |
||
| 526 |
_a0 _b0 _c0 _d692_302000000000000_FOW |
||
| 650 | 0 |
_aMCE _9379 |
|
| 942 |
_2ddc _cBK |
||
| 999 |
_c549111 _d549111 |
||